Processes of governance across multiple stakeholders performance, control and innovation : an introduction /

Bibliographic Details
Corporate Author: ProQuest (Firm)
Other Authors: Smallman, C., Benn, Suzanne., Teo, Stephen T. T.
Format: Electronic eBook
Language:English
Published: Bingley : Emerald Group Pub., 2007.
Series:Managerial law ; v. 49, no. 5/6.
Subjects:
Online Access:Click to View
LEADER 01599nam a2200409Ia 4500
001 EBC328761
003 MiAaPQ
005 20200520144314.0
006 m o d |
007 cr cn|||||||||
008 080115s2007 enka sb 000 0 eng d
020 |z 9781846637421 (pbk.) 
035 |a (MiAaPQ)EBC328761 
035 |a (Au-PeEL)EBL328761 
035 |a (CaPaEBR)ebr10211659 
035 |a (CaONFJC)MIL114389 
035 |a (OCoLC)476126608 
040 |a MiAaPQ  |c MiAaPQ  |d MiAaPQ 
050 4 |a HD2741  |b .P76 2007 
082 0 4 |a 658.4  |2 22 
245 0 0 |a Processes of governance across multiple stakeholders  |h [electronic resource] :  |b performance, control and innovation : an introduction /  |c guest editors: Clive Smallman, Suzanne Benn and Stephen T.T. Teo. 
260 |a Bingley :  |b Emerald Group Pub.,  |c 2007. 
300 |a p. 192-273 :  |b ill. 
490 1 |a Managerial law,  |x 0309-0558 ;  |v v. 49, no. 5/6 
504 |a Includes bibliographical references. 
533 |a Electronic reproduction. Ann Arbor, MI : ProQuest, 2015. Available via World Wide Web. Access may be limited to ProQuest affiliated libraries. 
650 0 |a Corporate governance. 
650 0 |a Group decision making. 
650 0 |a Interorganizational relations. 
650 0 |a International business enterprises. 
655 4 |a Electronic books. 
700 1 |a Smallman, C.  |q (Clive) 
700 1 |a Benn, Suzanne. 
700 1 |a Teo, Stephen T. T. 
710 2 |a ProQuest (Firm) 
830 0 |a Managerial law ;  |v v. 49, no. 5/6. 
856 4 0 |u https://ebookcentral.proquest.com/lib/matrademy/detail.action?docID=328761  |z Click to View